Das Leben Kaiser Ludwigs des Frommen

Elmentve itt :
Bibliográfiai részletek
Szerző: Theganus
További közreműködők: Jasmund Julius von
Dokumentumtípus: Könyv
Megjelent: Besser Berlin 1850
Sorozat:Die Geschichtschreiber der deutschen Vorzeit in deutscher Bearbeitung unter dem Schutze Sr. Majestät des Königs Friedrich Wilhelm IV. von Preussen : 9/5.
Kolligátum
Kulcsszavak:Lajos - Frank Birodalom : király - I. - Jámbor, Frank Birodalom története - 9. sz. - forrás, Német-római Birodalom története - 9. sz. - forrás
Online Access:http://misc.bibl.u-szeged.hu/23913
LEADER 00972nam a2200217 i 4500
001 misc23913
005 20200717145826.0
008 171024s1850 hu o 0|| ger d
040 |a SZTE Miscellanea Repozitórium  |b hun 
041 |a ger 
100 3 |a Theganus  
245 1 4 |a Das Leben Kaiser Ludwigs des Frommen  |h [elektronikus dokumentum] /  |c  Theganus  
260 |a Besser  |b Berlin  |c 1850 
300 |a 30 p.  |c 19 cm 
490 0 |a Die Geschichtschreiber der deutschen Vorzeit in deutscher Bearbeitung unter dem Schutze Sr. Majestät des Königs Friedrich Wilhelm IV. von Preussen : 9/5. 
490 0 |a Kolligátum 
561 |a Márki Sándor hagyaték 
591 |a Márki Sándor Gyűjtemény 
695 |a Lajos - Frank Birodalom : király - I. - Jámbor, Frank Birodalom története - 9. sz. - forrás, Német-római Birodalom története - 9. sz. - forrás 
700 0 1 |a Jasmund Julius von 
856 4 0 |u http://misc.bibl.u-szeged.hu/23913/1/010_014_009-030.pdf  |z Dokumentum-elérés